OPAC Home

සිවිල් නඩු විධාන සංග්‍රහය නඩු තීන්දු 1 (Record no. 143334)

MARC details
000 -LEADER
fixed length control field 00631nam a22001937a 4500
003 - CONTROL NUMBER IDENTIFIER
control field LK-CoDNM
005 - DATE AND TIME OF LATEST TRANSACTION
control field 20231102101314.0
008 - FIXED-LENGTH DATA ELEMENTS--GENERAL INFORMATION
fixed length control field 231102b2021 |||||||| |||| 00| 0 sin d
020 ## - INTERNATIONAL STANDARD BOOK NUMBER
International Standard Book Number 9789559501749
040 ## - CATALOGING SOURCE
Original cataloging agency LK-CoDNM
Modifying agency LK-CoDNM
Description conventions LK-CoDNM
041 ## - LANGUAGE CODE
Language code of text/sound track or separate title Sinhala; Sinhalese
080 ## - UNIVERSAL DECIMAL CLASSIFICATION NUMBER
Universal Decimal Classification number ද සොයි
Item number 34
942 ## - ADDED ENTRY ELEMENTS (KOHA)
Koha item type Books
100 ## - MAIN ENTRY--PERSONAL NAME
Personal name ද සොයිසා ප්‍රසන්න
Personal name (Transliterated) De Soysa, Prsanna
245 ## - TITLE STATEMENT
Title සිවිල් නඩු විධාන සංග්‍රහය නඩු තීන්දු 1
246 ## - VARYING FORM OF TITLE
Title proper/short title Sivil Nadu Widhana Sangrahaya
260 ## - PUBLICATION, DISTRIBUTION, ETC. (IMPRINT)
Place of publication, distribution, etc. Pannipitiya
Name of publisher, distributor, etc. Author
Date of publication, distribution, etc. 2021
300 ## - PHYSICAL DESCRIPTION
Extent 475p.
Other physical details 21cm
Holdings
Withdrawn status Lost status Damaged status Not for loan Collection code Permanent Location Current Location Date acquired Full call number Barcode Koha item type
        Monographs Library National Museum Colombo - Sri Lanka Library National Museum Colombo - Sri Lanka 2023-11-02 ද සොයි 34 174470 Books
Copyright © 2023 Department of National Museum, Colombo 07, Sri Lanka Funded by UNESCO IFAP UNESCO